[Event "Poznan Chess Festival"]
[Site "chess24.com"]
[Date "2021.08.15"]
[Round "1"]
[White "Chaczynski, Kamil"]
[Black "Kaczmarek, Jan"]
[Result "1/2-1/2"]
[Board "12"]
[WhiteElo "2040"]
[WhiteCountry "POL"]
[WhiteFideId "21807906"]
[WhiteEloChange "-8"]
[BlackElo "1337"]
[BlackCountry "POL"]
[BlackFideId "21059276"]
[BlackEloChange "8"]

1. e4 {[%clk 1:30:57]} c5 {[%clk 1:30:45]} 2. Nf3 {[%clk 1:31:22]} g6 {[%clk
1:30:29]} 3. d4 {[%clk 1:31:24]} cxd4 {[%clk 1:30:53]} 4. Qxd4 {[%clk 1:31:43]}
Nf6 {[%clk 1:31:15]} 5. e5 {[%clk 1:32:05]} Nc6 {[%clk 1:31:32]} 6. Qa4 {[%clk
1:32:33]} Nd5 {[%clk 1:31:44]} 7. Bb5 {[%clk 1:32:50]} Bg7 {[%clk 1:31:08]} 8.
O-O {[%clk 1:33:11]} Nc7 {[%clk 1:27:05]} 9. Re1 {[%clk 1:30:00]} Nxb5 {[%clk
1:24:35]} 10. Qxb5 {[%clk 1:30:24]} O-O {[%clk 1:21:52]} 11. Nc3 {[%clk 1:24:52]}
d6 {[%clk 1:12:40]} 12. Bf4 {[%clk 1:22:12]} dxe5 {[%clk 1:07:12]} 13. Nxe5
{[%clk 1:16:54]} Qd4 {[%clk 0:46:34]} 14. Nxc6 {[%clk 1:05:47]} bxc6 {[%clk
0:45:35]} 15. Qxc6 {[%clk 0:49:39]} Bf5 {[%clk 0:43:45]} 16. Be3 {[%clk 0:46:02]}
Qg4 {[%clk 0:37:14]} 17. h3 {[%clk 0:46:08]} Qh4 {[%clk 0:36:04]} 18. Rad1 {[%clk
0:34:00]} Rab8 {[%clk 0:33:20]} 19. Bc5 {[%clk 0:26:49]} Rfc8 {[%clk 0:16:17]}
20. Bxe7 {[%clk 0:26:07]} Rxc6 {[%clk 0:15:53]} 21. Bxh4 {[%clk 0:26:32]} Bxc3
{[%clk 0:16:11]} 22. bxc3 {[%clk 0:26:40]} Rxc3 {[%clk 0:16:13]} 23. Re7 {[%clk
0:26:34]} Ra3 {[%clk 0:15:28]} 24. c4 {[%clk 0:24:51]} Rxa2 {[%clk 0:14:27]} 25.
Rc1 {[%clk 0:22:32]} Rc8 {[%clk 0:14:17]} 26. c5 {[%clk 0:22:00]} Rc2 {[%clk
0:14:05]} 27. Rxc2 {[%clk 0:22:04]} Bxc2 {[%clk 0:14:33]} 28. Bf6 {[%clk
0:22:24]} a5 {[%clk 0:12:33]} 29. Ra7 {[%clk 0:22:34]} a4 {[%clk 0:10:03]} 30. f3
{[%clk 0:21:11]} Kf8 {[%clk 0:10:07]} 31. c6 {[%clk 0:21:04]} Ke8 {[%clk
0:09:33]} 32. Re7+ {[%clk 0:20:29]} Kf8 {[%clk 0:10:00]} 33. Rd7 {[%clk 0:18:29]}
Bf5 {[%clk 0:09:58]} 34. Rd4 {[%clk 0:18:24]} Ke8 {[%clk 0:09:15]} 35. Kf2 {[%clk
0:15:58]} a3 {[%clk 0:09:20]} 36. c7 {[%clk 0:15:33]} Bd7 {[%clk 0:09:43]} 37.
Rc4 {[%clk 0:12:14]} Be6 {[%clk 0:09:49]} 38. Rc1 {[%clk 0:09:58]} a2 {[%clk
0:09:50]} 39. Ke3 {[%clk 0:09:36]} Kd7 {[%clk 0:10:00]} 40. Be5 {[%clk 0:09:03]}
f6 {[%clk 0:09:37]} 41. Bxf6 {[%clk 0:08:54]} Rxc7 {[%clk 0:09:54]} 42. Rxc7+
{[%clk 0:09:20]} Kxc7 {[%clk 0:10:22]} 43. Kf4 {[%clk 0:09:16]} h5 {[%clk
0:10:12]} 44. g4 {[%clk 0:09:24]} hxg4 {[%clk 0:10:37]} 45. fxg4 {[%clk 0:09:37]}
Bb3 {[%clk 0:10:54]} 1/2-1/2

[Event "Poznan Chess Festival"]
[Site "chess24.com"]
[Date "2021.08.15"]
[Round "1"]
[White "Lesien, Tymoteusz"]
[Black "Michalski, Karol"]
[Result "1-0"]
[Board "13"]
[WhiteElo "1307"]
[WhiteCountry "POL"]
[WhiteFideId "21832676"]
[WhiteEloChange "18"]
[BlackElo "2010"]
[BlackCountry "POL"]
[BlackFideId "1110845"]
[BlackEloChange "-18"]

1. d4 {[%clk 1:30:58]} Nf6 {[%clk 1:30:55]} 2. c4 {[%clk 1:31:25]} e6 {[%clk
1:31:20]} 3. Nc3 {[%clk 1:31:48]} Bb4 {[%clk 1:28:51]} 4. Bg5 {[%clk 1:32:11]} h6
{[%clk 1:28:27]} 5. Bxf6 {[%clk 1:31:46]} Qxf6 {[%clk 1:28:44]} 6. e4 {[%clk
1:30:56]} d6 {[%clk 1:14:15]} 7. Nf3 {[%clk 1:29:28]} e5 {[%clk 1:14:20]} 8. Qa4+
{[%clk 1:29:44]} Nc6 {[%clk 1:14:39]} 9. d5 {[%clk 1:30:08]} b5 {[%clk 1:12:14]}
10. Qxb5 {[%clk 1:29:47]} Rb8 {[%clk 1:12:38]} 11. Qxc6+ {[%clk 1:30:04]} Bd7
{[%clk 1:13:07]} 12. Qxc7 {[%clk 1:30:14]} Ke7 {[%clk 1:13:34]} 13. c5 {[%clk
1:27:34]} Bxc5 {[%clk 1:09:53]} 14. Bb5 {[%clk 1:26:55]} Rxb5 {[%clk 1:10:22]}
15. Nxb5 {[%clk 1:27:01]} Bb4+ {[%clk 1:10:51]} 16. Nc3 {[%clk 1:26:26]} Rc8
{[%clk 1:10:53]} 17. Qb7 {[%clk 1:26:50]} Bxc3+ {[%clk 1:08:36]} 18. bxc3 {[%clk
1:27:15]} Qg6 {[%clk 1:09:05]} 19. O-O {[%clk 1:27:02]} Rxc3 {[%clk 1:08:57]} 20.
Nd2 {[%clk 1:21:04]} Rc2 {[%clk 1:06:46]} 21. Nb3 {[%clk 1:18:44]} Qxe4 {[%clk
1:05:55]} 22. Na5 {[%clk 1:17:55]} Rc8 {[%clk 0:58:24]} 23. Nc6+ {[%clk 1:15:17]}
Ke8 {[%clk 0:58:52]} 24. Nxa7 {[%clk 1:15:34]} Rd8 {[%clk 0:59:14]} 25. a4 {[%clk
1:02:14]} h5 {[%clk 0:58:21]} 26. Rfe1 {[%clk 0:58:00]} Qg4 {[%clk 0:56:33]} 27.
Qc7 {[%clk 0:49:16]} Qg6 {[%clk 0:55:11]} 28. Rab1 {[%clk 0:42:55]} Bh3 {[%clk
0:55:18]} 29. g3 {[%clk 0:42:40]} Rd7 {[%clk 0:55:43]} 30. Rxe5+ {[%clk 0:39:39]}
dxe5 {[%clk 0:56:00]} 31. Rb8+ {[%clk 0:40:05]} Ke7 {[%clk 0:56:07]} 32. Qxe5+
{[%clk 0:40:30]} Qe6 {[%clk 0:56:23]} 33. Nc6# {[%clk 0:40:54]} 1-0

[Event "Poznan Chess Festival"]
[Site "chess24.com"]
[Date "2021.08.15"]
[Round "1"]
[White "Grzelak, Marcin"]
[Black "Rosenfeld, Noe"]
[Result "1-0"]
[Board "14"]
[WhiteElo "1978"]
[WhiteCountry "POL"]
[WhiteFideId "1133519"]
[WhiteEloChange "2"]
[BlackElo "1305"]
[BlackCountry "POL"]
[BlackFideId "21840989"]
[BlackEloChange "-2"]

1. e4 {[%clk 1:30:51]} c5 {[%clk 1:30:51]} 2. d4 {[%clk 1:31:11]} cxd4 {[%clk
1:30:50]} 3. c3 {[%clk 1:31:31]} d3 {[%clk 1:30:36]} 4. Bxd3 {[%clk 1:31:44]} Nc6
{[%clk 1:30:24]} 5. c4 {[%clk 1:32:04]} d6 {[%clk 1:30:10]} 6. h3 {[%clk
1:32:02]} g6 {[%clk 1:30:20]} 7. Nf3 {[%clk 1:32:07]} Bg7 {[%clk 1:28:57]} 8. O-O
{[%clk 1:32:17]} Nf6 {[%clk 1:28:04]} 9. Nc3 {[%clk 1:32:13]} O-O {[%clk
1:27:15]} 10. Be3 {[%clk 1:32:14]} Bd7 {[%clk 1:23:20]} 11. Rc1 {[%clk 1:32:16]}
Rc8 {[%clk 1:20:52]} 12. Qe2 {[%clk 1:32:20]} a6 {[%clk 1:14:36]} 13. Nd2 {[%clk
1:31:32]} Nh5 {[%clk 1:05:16]} 14. g4 {[%clk 1:30:16]} e5 {[%clk 1:00:15]} 15.
gxh5 {[%clk 1:26:47]} Bxh3 {[%clk 0:59:47]} 16. f3 {[%clk 1:12:12]} Bxf1 {[%clk
0:52:39]} 17. Rxf1 {[%clk 1:06:34]} gxh5 {[%clk 0:49:59]} 18. Qh2 {[%clk
1:04:57]} h4 {[%clk 0:46:26]} 19. Nd5 {[%clk 1:01:24]} Kh8 {[%clk 0:43:22]} 20.
Kf2 {[%clk 0:59:39]} Nd4 {[%clk 0:27:28]} 21. Rg1 {[%clk 0:52:38]} Qa5 {[%clk
0:18:48]} 22. Qxh4 {[%clk 0:51:29]} Qd8 {[%clk 0:16:40]} 23. Qh5 {[%clk 0:45:09]}
f5 {[%clk 0:16:40]} 1-0

[Event "Poznan Chess Festival"]
[Site "chess24.com"]
[Date "2021.08.15"]
[Round "1"]
[White "Korzystka, Wiktor"]
[Black "Wesolowski, Edgar"]
[Result "1/2-1/2"]
[Board "15"]
[WhiteElo "1303"]
[WhiteCountry "POL"]
[WhiteFideId "21842787"]
[WhiteEloChange "8"]
[BlackElo "1975"]
[BlackCountry "POL"]
[BlackFideId "1138022"]
[BlackEloChange "-8"]

1. Nf3 {[%clk 1:30:30]} d5 {[%clk 1:30:30]} 2. d3 {[%clk 1:30:30]} Bf5 {[%clk
1:30:30]} 3. g3 {[%clk 1:30:30]} Nf6 {[%clk 1:30:30]} 4. Bg2 {[%clk 1:30:30]} e6
{[%clk 1:30:30]} 5. O-O {[%clk 1:30:30]} Bd6 {[%clk 1:30:30]} 6. Nbd2 {[%clk
1:30:30]} O-O {[%clk 1:30:30]} 7. Re1 {[%clk 1:30:30]} e5 {[%clk 1:30:30]} 8. Nh4
{[%clk 1:30:30]} Be6 {[%clk 1:30:30]} 9. e4 {[%clk 1:30:30]} d4 {[%clk 1:30:30]}
10. Nf1 {[%clk 1:30:30]} Nfd7 {[%clk 1:30:30]} 11. h3 {[%clk 1:30:30]} c5 {[%clk
1:30:30]} 12. Nh2 {[%clk 1:30:30]} Qc7 {[%clk 1:30:30]} 13. N4f3 {[%clk 1:30:30]}
f6 {[%clk 1:30:30]} 14. h4 {[%clk 1:30:30]} Nc6 {[%clk 1:30:30]} 15. h5 {[%clk
1:30:30]} b5 {[%clk 1:30:30]} 16. g4 {[%clk 1:30:30]} g5 {[%clk 1:30:30]} 17.
hxg6 {[%clk 1:30:30]} hxg6 {[%clk 1:30:30]} 18. g5 {[%clk 1:30:30]} Kg7 {[%clk
1:30:30]} 19. gxf6+ {[%clk 1:30:30]} Nxf6 {[%clk 1:30:30]} 20. Ng5 {[%clk
1:30:30]} Bd7 {[%clk 1:30:30]} 21. Bh3 {[%clk 1:30:30]} Bxh3 {[%clk 1:30:30]} 22.
Nxh3 {[%clk 1:30:30]} Rh8 {[%clk 1:30:30]} 23. Ng5 {[%clk 1:30:30]} Qd7 {[%clk
1:30:30]} 24. Qf3 {[%clk 1:30:30]} Rh5 {[%clk 1:30:30]} 25. Nf1 {[%clk 1:30:30]}
Ng4 {[%clk 1:30:30]} 26. Ng3 {[%clk 1:30:30]} Rh2 {[%clk 1:30:30]} 27. Nf5+
{[%clk 1:30:30]} gxf5 {[%clk 1:30:30]} 28. exf5 {[%clk 1:30:30]} Nh6 {[%clk
1:30:30]} 29. Ne6+ {[%clk 1:30:30]} Kh8 {[%clk 1:30:30]} 30. Re4 {[%clk 1:30:30]}
Nxf5 {[%clk 1:30:30]} 31. Qxf5 {[%clk 1:30:30]} Rf8 {[%clk 1:30:30]} 32. Qg4
{[%clk 1:30:30]} Rfxf2 {[%clk 1:30:30]} 33. Ng5 {[%clk 1:30:30]} Rfg2+ {[%clk
1:30:30]} 34. Qxg2 {[%clk 1:30:30]} Rxg2+ {[%clk 1:30:30]} 35. Kxg2 {[%clk
1:30:30]} Nb4 {[%clk 1:30:30]} 36. Rh4+ {[%clk 1:30:30]} Kg8 {[%clk 1:30:30]} 37.
Bd2 {[%clk 1:30:30]} Be7 {[%clk 1:30:30]} 38. Rah1 {[%clk 1:30:30]} Qd5+ {[%clk
1:30:30]} 39. Kg3 {[%clk 1:30:30]} Bxg5 {[%clk 1:30:30]} 40. Bxg5 {[%clk
1:30:30]} Nxc2 {[%clk 1:30:30]} 41. Rh8+ {[%clk 1:30:30]} Kg7 {[%clk 1:30:30]}
42. R8h7+ {[%clk 1:30:30]} Kg6 {[%clk 1:30:30]} 43. R7h6+ {[%clk 1:30:30]} Kg7
{[%clk 1:30:30]} 44. Rh7+ {[%clk 1:30:30]} 1/2-1/2

[Event "Poznan Chess Festival"]
[Site "chess24.com"]
[Date "2021.08.15"]
[Round "1"]
[White "Lanin, Boris Dr"]
[Black "Gluszynski, Michal"]
[Result "1-0"]
[Board "16"]
[WhiteElo "1949"]
[WhiteCountry "RUS"]
[WhiteFideId "4198166"]
[WhiteEloChange "2"]
[BlackElo "1302"]
[BlackCountry "POL"]
[BlackFideId "21858500"]
[BlackEloChange "-2"]

1. Nf3 {[%clk 1:30:59]} d5 {[%clk 1:30:52]} 2. g3 {[%clk 1:31:25]} Nf6 {[%clk
1:31:10]} 3. Bg2 {[%clk 1:31:49]} c5 {[%clk 1:31:18]} 4. O-O {[%clk 1:32:09]} Nc6
{[%clk 1:30:44]} 5. d3 {[%clk 1:32:25]} g6 {[%clk 1:28:25]} 6. Nbd2 {[%clk
1:32:49]} Bg7 {[%clk 1:27:59]} 7. c3 {[%clk 1:32:06]} O-O {[%clk 1:27:02]} 8. Qc2
{[%clk 1:32:14]} e5 {[%clk 1:25:27]} 9. e4 {[%clk 1:32:10]} h6 {[%clk 1:21:36]}
10. a3 {[%clk 1:30:10]} a5 {[%clk 1:19:10]} 11. a4 {[%clk 1:30:19]} Be6 {[%clk
1:18:14]} 12. Re1 {[%clk 1:25:14]} Qc7 {[%clk 1:08:58]} 13. Nf1 {[%clk 1:23:52]}
Rad8 {[%clk 1:07:19]} 14. N3d2 {[%clk 1:22:26]} b6 {[%clk 0:59:04]} 15. Ne3
{[%clk 1:19:25]} Rfe8 {[%clk 0:55:47]} 16. Rf1 {[%clk 1:15:12]} dxe4 {[%clk
0:46:31]} 17. dxe4 {[%clk 1:10:25]} Re7 {[%clk 0:41:46]} 18. Ndc4 {[%clk
1:06:12]} Na7 {[%clk 0:37:50]} 19. f4 {[%clk 1:05:17]} exf4 {[%clk 0:37:15]} 20.
gxf4 {[%clk 1:05:24]} Nc8 {[%clk 0:34:09]} 21. Qf2 {[%clk 0:58:54]} Bxc4 {[%clk
0:31:56]} 22. Nxc4 {[%clk 0:56:44]} Nxe4 {[%clk 0:32:13]} 23. Qh4 {[%clk
0:56:25]} Ncd6 {[%clk 0:27:24]} 24. Ne3 {[%clk 0:56:19]} Nf6 {[%clk 0:26:17]} 25.
f5 {[%clk 0:54:57]} g5 {[%clk 0:25:58]} 26. Qg3 {[%clk 0:54:17]} Nde4 {[%clk
0:24:24]} 27. Qxc7 {[%clk 0:53:54]} Rxc7 {[%clk 0:24:47]} 28. Nc4 {[%clk
0:54:04]} Nd6 {[%clk 0:12:21]} 29. Nxb6 {[%clk 0:51:09]} Re8 {[%clk 0:09:17]} 30.
Bd2 {[%clk 0:48:09]} Re5 {[%clk 0:08:30]} 31. Rae1 {[%clk 0:45:58]} Rxf5 {[%clk
0:07:45]} 32. Rxf5 {[%clk 0:46:05]} Nxf5 {[%clk 0:08:13]} 33. Nc4 {[%clk
0:46:14]} Nd7 {[%clk 0:04:15]} 34. Re8+ {[%clk 0:45:11]} Bf8 {[%clk 0:03:52]} 35.
Ra8 {[%clk 0:43:55]} Ne7 {[%clk 0:03:38]} 36. h4 {[%clk 0:42:16]} f6 {[%clk
0:03:52]} 37. Rxa5 {[%clk 0:41:39]} g4 {[%clk 0:03:01]} 38. Ra8 {[%clk 0:41:22]}
Kf7 {[%clk 0:03:21]} 39. Bf4 {[%clk 0:41:28]} 1-0

[Event "Poznan Chess Festival"]
[Site "chess24.com"]
[Date "2021.08.15"]
[Round "1"]
[White "Cholewa, Jan"]
[Black "Andrzejewska, Anna"]
[Result "0-1"]
[Board "17"]
[WhiteElo "1250"]
[WhiteCountry "POL"]
[WhiteFideId "21023956"]
[WhiteEloChange "-2"]
[BlackElo "1948"]
[BlackTitle "WCM"]
[BlackCountry "POL"]
[BlackFideId "1127284"]
[BlackEloChange "2"]

1. e4 {[%clk 1:30:58]} c5 {[%clk 1:30:54]} 2. Nf3 {[%clk 1:31:08]} d6 {[%clk
1:31:12]} 3. Bb5+ {[%clk 1:31:10]} Bd7 {[%clk 1:31:02]} 4. Bxd7+ {[%clk 1:31:24]}
Qxd7 {[%clk 1:31:17]} 5. O-O {[%clk 1:31:31]} Nc6 {[%clk 1:30:10]} 6. c3 {[%clk
1:29:57]} Nf6 {[%clk 1:29:27]} 7. Re1 {[%clk 1:29:30]} e6 {[%clk 1:21:29]} 8. d4
{[%clk 1:27:57]} cxd4 {[%clk 1:18:19]} 9. cxd4 {[%clk 1:26:48]} d5 {[%clk
1:15:06]} 10. e5 {[%clk 1:22:32]} Ne4 {[%clk 1:14:52]} 11. a3 {[%clk 1:10:24]}
Be7 {[%clk 1:14:28]} 12. Qd3 {[%clk 1:09:46]} O-O {[%clk 1:08:30]} 13. Nbd2
{[%clk 1:08:05]} Nxd2 {[%clk 1:05:52]} 14. Bxd2 {[%clk 1:08:07]} h6 {[%clk
1:03:05]} 15. Rac1 {[%clk 0:59:44]} a6 {[%clk 0:58:47]} 16. g4 {[%clk 0:49:09]}
f6 {[%clk 0:41:35]} 17. Bxh6 {[%clk 0:40:56]} f5 {[%clk 0:36:56]} 18. Bxg7 {[%clk
0:36:43]} Kxg7 {[%clk 0:35:58]} 19. gxf5 {[%clk 0:36:45]} Rxf5 {[%clk 0:35:19]}
20. Kh1 {[%clk 0:31:50]} Rh8 {[%clk 0:32:22]} 21. Rg1+ {[%clk 0:30:03]} Kf8
{[%clk 0:29:44]} 22. Rg3 {[%clk 0:29:01]} Qe8 {[%clk 0:28:06]} 23. Rcg1 {[%clk
0:24:26]} Qh5 {[%clk 0:26:31]} 24. R1g2 {[%clk 0:24:06]} Nd8 {[%clk 0:14:17]} 25.
Qc3 {[%clk 0:22:45]} Nc6 {[%clk 0:10:27]} 26. Qe3 {[%clk 0:22:12]} Rh7 {[%clk
0:05:18]} 27. Rg8+ {[%clk 0:20:29]} Kf7 {[%clk 0:05:45]} 28. R8g3 {[%clk
0:20:27]} Ke8 {[%clk 0:04:51]} 29. a4 {[%clk 0:15:15]} Kd7 {[%clk 0:03:58]} 30.
Qb3 {[%clk 0:14:38]} Kc7 {[%clk 0:03:42]} 31. Qe3 {[%clk 0:13:31]} Rhf7 {[%clk
0:02:35]} 32. Ng5 {[%clk 0:13:30]} Bxg5 {[%clk 0:02:17]} 33. Rxg5 {[%clk
0:13:58]} Qd1+ {[%clk 0:02:25]} 34. Rg1 {[%clk 0:14:03]} Qxd4 {[%clk 0:02:34]}
35. Rxf5 {[%clk 0:14:06]} Rxf5 {[%clk 0:02:40]} 36. Rg7+ {[%clk 0:14:28]} Kb6
{[%clk 0:01:59]} 37. Qb3+ {[%clk 0:14:31]} Qb4 {[%clk 0:02:09]} 38. a5+ {[%clk
0:14:34]} Kxa5 {[%clk 0:02:12]} 39. Qc2 {[%clk 0:14:05]} Rxe5 {[%clk 0:01:45]}
40. b3 {[%clk 0:14:05]} Qe4+ {[%clk 0:01:21]} 41. Qxe4 {[%clk 0:14:08]} Rxe4
{[%clk 0:01:50]} 42. Kg2 {[%clk 0:14:16]} d4 {[%clk 0:02:00]} 43. f3 {[%clk
0:14:38]} Re2+ {[%clk 0:02:15]} 44. Kg3 {[%clk 0:15:06]} d3 {[%clk 0:02:17]} 45.
Rd7 {[%clk 0:15:22]} d2 {[%clk 0:02:04]} 46. h4 {[%clk 0:15:45]} Ne5 {[%clk
0:01:56]} 47. Rd8 {[%clk 0:15:59]} Kb4 {[%clk 0:01:44]} 48. h5 {[%clk 0:16:27]}
Kc3 {[%clk 0:01:14]} 49. h6 {[%clk 0:16:46]} Re1 {[%clk 0:01:05]} 50. h7 {[%clk
0:16:51]} Rh1 {[%clk 0:01:24]} 51. Rc8+ {[%clk 0:17:02]} Kxb3 {[%clk 0:01:25]}
52. Rd8 {[%clk 0:17:24]} Kc2 {[%clk 0:01:37]} 53. Rc8+ {[%clk 0:17:44]} Kd3
{[%clk 0:01:27]} 54. Rd8+ {[%clk 0:17:32]} Ke2 {[%clk 0:01:34]} 55. f4 {[%clk
0:17:33]} d1=Q {[%clk 0:01:27]} 56. Rxd1 {[%clk 0:17:50]} Kxd1 {[%clk 0:01:52]}
57. fxe5 {[%clk 0:18:09]} Rxh7 {[%clk 0:02:17]} 0-1

[Event "Poznan Chess Festival"]
[Site "chess24.com"]
[Date "2021.08.15"]
[Round "1"]
[White "Purczynski, Andrzej"]
[Black "Twardowski, Hubert"]
[Result "0-1"]
[Board "19"]
[WhiteElo "1221"]
[WhiteCountry "POL"]
[WhiteFideId "21836914"]
[WhiteEloChange "-2"]
[BlackElo "1877"]
[BlackCountry "POL"]
[BlackFideId "1190415"]
[BlackEloChange "2"]

1. c4 {[%clk 1:30:48]} Nf6 {[%clk 1:30:45]} 2. d4 {[%clk 1:30:48]} c5 {[%clk
1:31:04]} 3. Nf3 {[%clk 1:30:51]} e6 {[%clk 1:31:09]} 4. g3 {[%clk 1:30:22]} d5
{[%clk 1:29:18]} 5. Bg2 {[%clk 1:29:26]} Nc6 {[%clk 1:29:34]} 6. O-O {[%clk
1:26:22]} Be7 {[%clk 1:28:14]} 7. cxd5 {[%clk 1:25:47]} Nxd5 {[%clk 1:28:27]} 8.
e4 {[%clk 1:25:02]} Nf6 {[%clk 1:28:32]} 9. Re1 {[%clk 1:23:10]} O-O {[%clk
1:28:15]} 10. Nc3 {[%clk 1:21:19]} cxd4 {[%clk 1:27:57]} 11. Nb5 {[%clk 1:17:26]}
e5 {[%clk 1:27:41]} 12. Bg5 {[%clk 1:16:21]} Be6 {[%clk 1:24:40]} 13. Na3 {[%clk
1:13:58]} Qb6 {[%clk 1:24:28]} 14. Qc2 {[%clk 1:11:25]} Rac8 {[%clk 1:23:12]} 15.
Nc4 {[%clk 1:09:29]} Qa6 {[%clk 1:03:00]} 16. Bf1 {[%clk 1:08:43]} Nb4 {[%clk
1:02:20]} 17. Ncxe5 {[%clk 1:03:35]} Nxc2 {[%clk 1:01:57]} 18. Bxa6 {[%clk
1:03:54]} bxa6 {[%clk 1:02:23]} 19. Bxf6 {[%clk 1:01:24]} Bxf6 {[%clk 1:02:20]}
20. Nd3 {[%clk 1:00:45]} Rfd8 {[%clk 1:02:04]} 21. e5 {[%clk 1:00:32]} Be7 {[%clk
1:02:22]} 22. Rad1 {[%clk 1:00:16]} Nxe1 {[%clk 1:02:44]} 23. Ndxe1 {[%clk
1:00:26]} Bxa2 {[%clk 1:02:13]} 24. Rxd4 {[%clk 0:59:49]} Rxd4 {[%clk 1:02:31]}
25. Nxd4 {[%clk 0:59:49]} Rc1 {[%clk 1:02:31]} 26. Nf3 {[%clk 0:59:22]} Bd5
{[%clk 1:02:50]} 0-1

[Event "Poznan Chess Festival"]
[Site "chess24.com"]
[Date "2021.08.15"]
[Round "1"]
[White "Rozumek, Krzysztof"]
[Black "Wojciechowski, Szymon"]
[Result "1-0"]
[Board "20"]
[WhiteElo "1859"]
[WhiteCountry "POL"]
[WhiteFideId "1180215"]
[WhiteEloChange "2"]
[BlackElo "1207"]
[BlackCountry "POL"]
[BlackFideId "21055505"]
[BlackEloChange "-2"]

1. h3 {[%clk 1:30:58]} d5 {[%clk 1:30:50]} 2. c3 {[%clk 1:31:26]} c5 {[%clk
1:30:58]} 3. d4 {[%clk 1:31:54]} e6 {[%clk 1:31:01]} 4. Bf4 {[%clk 1:32:18]} Nc6
{[%clk 1:31:13]} 5. e3 {[%clk 1:32:39]} Bd7 {[%clk 1:30:52]} 6. Nf3 {[%clk
1:33:06]} Nf6 {[%clk 1:31:14]} 7. Nbd2 {[%clk 1:33:27]} a6 {[%clk 1:30:54]} 8.
Bd3 {[%clk 1:33:30]} c4 {[%clk 1:30:25]} 9. Bc2 {[%clk 1:33:57]} b5 {[%clk
1:30:50]} 10. O-O {[%clk 1:34:10]} Be7 {[%clk 1:29:32]} 11. e4 {[%clk 1:33:09]}
O-O {[%clk 1:28:50]} 12. Qb1 {[%clk 1:31:57]} dxe4 {[%clk 1:26:59]} 13. Nxe4
{[%clk 1:31:54]} g6 {[%clk 1:27:03]} 14. Nxf6+ {[%clk 1:24:40]} Bxf6 {[%clk
1:27:24]} 15. Be4 {[%clk 1:25:07]} Rc8 {[%clk 1:25:49]} 16. Rd1 {[%clk 1:21:35]}
Qb6 {[%clk 1:23:44]} 17. Ne5 {[%clk 1:13:44]} Rfd8 {[%clk 1:20:59]} 18. Ng4
{[%clk 1:01:42]} Bg7 {[%clk 1:20:34]} 19. Bg5 {[%clk 0:57:40]} f6 {[%clk
1:17:40]} 20. Bxf6 {[%clk 0:53:07]} Bxf6 {[%clk 1:18:02]} 21. Nxf6+ {[%clk
0:53:33]} Kf7 {[%clk 1:18:22]} 22. Nxh7 {[%clk 0:53:38]} Rg8 {[%clk 1:18:17]} 23.
Ng5+ {[%clk 0:53:35]} Kf6 {[%clk 1:18:19]} 24. Qc1 {[%clk 0:53:33]} Qb8 {[%clk
1:17:36]} 25. Qe3 {[%clk 0:52:47]} Rg7 {[%clk 1:16:20]} 26. Bf3 {[%clk 0:51:01]}
Ne7 {[%clk 1:16:11]} 27. Re1 {[%clk 0:50:36]} Nf5 {[%clk 1:16:27]} 28. Ne4+
{[%clk 0:49:56]} Kf7 {[%clk 1:16:34]} 29. Qg5 {[%clk 0:49:05]} Rf8 {[%clk
1:16:53]} 30. Nc5 {[%clk 0:46:14]} Bc8 {[%clk 1:17:05]} 31. Re5 {[%clk 0:43:14]}
b4 {[%clk 1:17:09]} 32. Rae1 {[%clk 0:39:26]} Re8 {[%clk 1:17:32]} 33. Qf4 {[%clk
0:36:03]} Qb6 {[%clk 1:16:49]} 34. Nxe6 {[%clk 0:33:19]} Bxe6 {[%clk 1:16:45]}
35. Rxe6 {[%clk 0:33:47]} Rxe6 {[%clk 1:15:48]} 36. Bd5 {[%clk 0:34:14]} bxc3
{[%clk 1:15:34]} 37. bxc3 {[%clk 0:34:37]} 1-0

[Event "Poznan Chess Festival"]
[Site "chess24.com"]
[Date "2021.08.15"]
[Round "1"]
[White "Niemier, Martyna"]
[Black "Glatty, Zbigniew"]
[Result "1/2-1/2"]
[Board "21"]
[WhiteElo "1204"]
[WhiteCountry "POL"]
[WhiteFideId "21811776"]
[WhiteEloChange "8"]
[BlackElo "1840"]
[BlackCountry "POL"]
[BlackFideId "1171305"]
[BlackEloChange "-8"]

1. d4 {[%clk 1:30:59]} Nf6 {[%clk 1:30:32]} 2. c4 {[%clk 1:31:15]} e6 {[%clk
1:30:56]} 3. Bg5 {[%clk 1:31:10]} c5 {[%clk 1:27:11]} 4. e3 {[%clk 1:27:10]} Nc6
{[%clk 1:25:53]} 5. Nf3 {[%clk 1:27:17]} d5 {[%clk 1:22:41]} 6. Nc3 {[%clk
1:25:14]} dxc4 {[%clk 1:13:43]} 7. dxc5 {[%clk 1:23:32]} Qxd1+ {[%clk 1:12:21]}
8. Rxd1 {[%clk 1:23:51]} Bxc5 {[%clk 1:11:19]} 9. Bxc4 {[%clk 1:22:45]} a6 {[%clk
1:09:57]} 10. a3 {[%clk 1:19:30]} b5 {[%clk 1:08:01]} 11. Ba2 {[%clk 1:14:01]}
Bb7 {[%clk 1:01:17]} 12. Bxf6 {[%clk 1:08:28]} gxf6 {[%clk 1:01:39]} 13. Ne4
{[%clk 1:08:46]} Be7 {[%clk 1:01:56]} 14. Ke2 {[%clk 1:04:42]} Ne5 {[%clk
0:54:37]} 15. Nd6+ {[%clk 0:59:01]} Bxd6 {[%clk 0:54:54]} 16. Rxd6 {[%clk
0:59:24]} Nxf3 {[%clk 0:54:02]} 17. gxf3 {[%clk 0:59:45]} Ke7 {[%clk 0:53:00]}
18. Rhd1 {[%clk 0:58:03]} Rhd8 {[%clk 0:53:00]} 19. Rxd8 {[%clk 0:57:43]} Rxd8
{[%clk 0:53:16]} 20. Rxd8 {[%clk 0:58:02]} Kxd8 {[%clk 0:53:45]} 21. Bb1 {[%clk
0:58:04]} h6 {[%clk 0:53:21]} 22. b4 {[%clk 0:55:04]} Ke7 {[%clk 0:51:43]} 23. e4
{[%clk 0:53:58]} e5 {[%clk 0:44:08]} 24. Ke3 {[%clk 0:51:58]} Bc8 {[%clk
0:43:43]} 25. f4 {[%clk 0:50:42]} Be6 {[%clk 0:42:39]} 26. fxe5 {[%clk 0:44:28]}
fxe5 {[%clk 0:43:05]} 27. f4 {[%clk 0:41:44]} f6 {[%clk 0:43:27]} 28. f5 {[%clk
0:40:03]} Bc4 {[%clk 0:42:25]} 29. Bc2 {[%clk 0:35:29]} Kf7 {[%clk 0:42:20]} 30.
Bd1 {[%clk 0:34:55]} Kg7 {[%clk 0:42:26]} 31. Kf2 {[%clk 0:34:55]} 1/2-1/2

[Event "Poznan Chess Festival"]
[Site "chess24.com"]
[Date "2021.08.15"]
[Round "1"]
[White "Szelag, Zuzanna"]
[Black "Korzeniewski, Lucjan"]
[Result "1-0"]
[Board "22"]
[WhiteElo "1839"]
[WhiteCountry "POL"]
[WhiteFideId "1195522"]
[WhiteEloChange "2"]
[BlackElo "1203"]
[BlackCountry "POL"]
[BlackFideId "21097950"]
[BlackEloChange "-2"]

1. e4 {[%clk 1:30:58]} c6 {[%clk 1:30:57]} 2. d4 {[%clk 1:31:24]} d5 {[%clk
1:31:23]} 3. Nd2 {[%clk 1:31:50]} dxe4 {[%clk 1:31:45]} 4. Nxe4 {[%clk 1:32:15]}
Bf5 {[%clk 1:32:10]} 5. Ng3 {[%clk 1:32:41]} Bg6 {[%clk 1:32:34]} 6. h4 {[%clk
1:33:07]} h6 {[%clk 1:33:00]} 7. Nf3 {[%clk 1:33:34]} Nd7 {[%clk 1:33:17]} 8. h5
{[%clk 1:33:59]} Bh7 {[%clk 1:33:44]} 9. Bd3 {[%clk 1:34:24]} Bxd3 {[%clk
1:34:04]} 10. Qxd3 {[%clk 1:34:50]} Ngf6 {[%clk 1:34:17]} 11. Bf4 {[%clk
1:35:06]} e6 {[%clk 1:34:41]} 12. O-O-O {[%clk 1:34:46]} Qa5 {[%clk 1:33:49]} 13.
Kb1 {[%clk 1:34:00]} O-O-O {[%clk 1:33:34]} 14. Bd2 {[%clk 1:26:57]} Qb6 {[%clk
1:32:06]} 15. Ne4 {[%clk 1:24:22]} Nxe4 {[%clk 1:28:13]} 16. Qxe4 {[%clk
1:24:48]} Ba3 {[%clk 1:26:55]} 17. Bc3 {[%clk 1:23:01]} Nf6 {[%clk 1:26:50]} 18.
Qe1 {[%clk 1:23:13]} Rhf8 {[%clk 1:08:11]} 19. Ka1 {[%clk 1:20:01]} Be7 {[%clk
1:04:30]} 20. Ba5 {[%clk 1:19:15]} Qb5 {[%clk 1:04:32]} 21. Bxd8 {[%clk 1:19:23]}
Rxd8 {[%clk 1:04:54]} 22. Ne5 {[%clk 1:18:22]} Rf8 {[%clk 1:04:09]} 23. Nxf7
{[%clk 1:18:21]} 1-0